Where NBA players went to College - Statistics

General Stats
  • This quiz has been taken 63 times
  • The average score is 21 of 32
Answer Stats
Hint Answer % Correct
Tyrese Maxey Kentucky
92%
Anthony Edwards Georgia
88%
Jordan Poole Michigan
88%
Andrew Wiggins Kansas
83%
Cade Cunningham Oklahoma St
83%
Benedict Mathurin Arizona
81%
Derrick Rose Memphis
81%
Kemba Walker UConn
81%
Chris Paul Wake Forest
77%
James Harden Arizona St
75%
Tyrese Haliburton Iowa State
75%
Jaren Jackson Jr Michigan State
75%
Donovan Mitchell Louisville
73%
Peyton Pritchard Oregon
73%
Demar Derozan USC
73%
Kyle Lowry Villanova
69%
Jabari Smith Jr Auburn
67%
OG Anunoby Indiana
67%
Alex Caruso Texas A&M
65%
Gordon Hayward Butler
63%
Paul George Fresno St
63%
Cam Johnson North Carolina
63%
Damontis Sabonis Gonzaga
60%
Keyonte George Baylor
56%
Naz Reid LSU
56%
Tyler Kolek Marquette
56%
Bobby Portis Arkansas
48%
Michael Carter Williams Syracuse
48%
Isiah Wong Miami
44%
Pascal Siakim New Mexico St
40%
Jalen Williams Santa Clara
40%
Jerami Grant Notre Dame
25%
No matching quizzes found
Score Distribution
Percent of People with Each Score
Percentile by Number Answered
Your Score History
You have not taken this quiz